| 000 | 00000nas 2200000zi 4500 |
| 001 | 9.883195 |
| 003 | CaOODSP |
| 005 | 20241203113653 |
| 006 | m o d f |
| 007 | cr ||||||||||| |
| 008 | 191230d1974198uonc x m o f0###a0eng|d |
| 022 | |y0821-3836 |
| 040 | |aCaOODSP|beng|erda|cCaOODSP |
| 041 | |aeng|bfre |
| 043 | |an-cn--- |
| 086 | 1 |aEn73-2E-PDF |
| 130 | 0 |aMap folio. |
| 245 | 10|aMap folio. |
| 264 | 1|aOttawa : |bEnvironment Canada, Lands Directorate = Environnement Canada, Direction générale des terres |
| 310 | |aIrregular |
| 336 | |atext|btxt|2rdacontent |
| 337 | |acomputer|bc|2rdamedia |
| 338 | |aonline resource|bcr|2rdacarrier |
| 500 | |aIssued also in French under title: Dossier cartographique. |
| 500 | |aDigitized edition from print [produced by Environment and Climate Change Canada]. |
| 546 | |aPrefatory material in English and French. |
| 546 | |aSome numbers issued in English and French. |
| 588 | |aDescription based on: no. 2. |
| 650 | 0|aLand use|zCanada|vMaps. |
| 651 | 0|aCanada|vMaps. |
| 655 | 7|aMaps.|2lcgft |
| 710 | 1 |aCanada. |bEnvironment Canada. |
| 710 | 1 |aCanada. |bLands Directorate. |
| 775 | 08|tDossier cartographique.|w(CaOODSP)9.883216 |